Các khái niệm cơ bản về marketing

Wedi'i Gadw mewn:
Manylion Llyfryddiaeth
Fformat: Llyfr
Iaith:Undetermined
Cyhoeddwyd: Thành phố Hồ Chí Minh Trẻ 2001
Pynciau:
Tagiau: Ychwanegu Tag
Dim Tagiau, Byddwch y cyntaf i dagio'r cofnod hwn!
Thư viện lưu trữ: Trung tâm Học liệu Trường Đại học Cần Thơ
LEADER 00435nam a2200157Ia 4500
001 CTU_153974
008 210402s9999 xx 000 0 und d
020 |c 31000 
082 |a 658.8 
082 |b C101 
245 0 |a Các khái niệm cơ bản về marketing 
260 |a Thành phố Hồ Chí Minh 
260 |b Trẻ 
260 |c 2001 
650 |a Marketing 
980 |a Trung tâm Học liệu Trường Đại học Cần Thơ